Fall and Rise : (Record no. 113137)

MARC details
000 -LEADER
campo de control de longitud fija 03620 a2200325 4500
003 - IDENTIFICADOR DE NÚMERO DE CONTROL
campo de control BJBSDDR
005 - FECHA Y HORA DE LA ÚLTIMA TRANSACCIÓN
campo de control 20230411090138.0
007 - CAMPO FIJO DE DESCRIPCIÓN FÍSICA--INFORMACIÓN GENERAL
campo de control de longitud fija ta
008 - DATOS DE LONGITUD FIJA--INFORMACIÓN GENERAL
campo de control de longitud fija 220819s2019 nyu||||| |||| 00| 0 eng d
020 ## - NÚMERO INTERNACIONAL ESTÁNDAR DEL LIBRO
Número Internacional Estándar del Libro 9780008342098 (hbk)
020 ## - NÚMERO INTERNACIONAL ESTÁNDAR DEL LIBRO
Número Internacional Estándar del Libro 0008342091
040 ## - FUENTE DE CATALOGACIÓN
Lengua de catalogación spa
Centro/agencia transcriptor BJBSDDR
041 ## - CÓDIGO DE IDIOMA
Código de lengua del texto/banda sonora o título independiente eng
050 ## - SIGNATURA TOPOGRÁFICA DE LA BIBLIOTECA DEL CONGRESO
Número de clasificación HV 6432.7
Número de ítem Z94f 2019
100 1# - ENTRADA PRINCIPAL--NOMBRE DE PERSONA
Nombre de persona Zuckoff, Mitchell S.,
Fechas asociadas al nombre 1962-
245 10 - MENCIÓN DEL TÍTULO
Título Fall and Rise :
Resto del título The Story of 9/11 /
Mención de responsabilidad, etc. Mitchell Zuckoff
246 30 - FORMA VARIANTE DEL TITULO
Título propio/Titulo breve Fall & rise :
Resto del título the story of September eleventh
246 30 - FORMA VARIANTE DEL TITULO
Título propio/Titulo breve Fall and rise :
Resto del título the story of nine-eleven
260 ## - PUBLICACIÓN, DISTRIBUCIÓN, ETC.
Lugar de publicación, distribución, etc. New York :
Nombre del editor, distribuidor, etc. HarperCollins Publishers,
Fecha de publicación, distribución, etc. 2019
300 ## - DESCRIPCIÓN FÍSICA
Extensión xxiii, 589 pages :
Otras características físicas maps ;
Dimensiones 24 cm.
504 ## - NOTA DE BIBLIOGRAFÍA, ETC.
Nota de bibliografía, etc. Includes bibliographical references (pages 505-566) and index.
505 ## - NOTA DE CONTENIDO CON FORMATO
Nota de contenido con formato Maps -- Introduction: "The darkness of ignorance" -- Prologue: "A clear declaration of war" -- Part I: Fall from the sky. "Quiet's a good thing" ; "He's NORDO" ; "A beautiful day to fly" ; "I think we're being hijacked" ; "Don't worry, Dad" ; "The start of World War III" ; "Beware any cockpit intrusion" ; "America is under attack" ; "Make him brave" ; "Let's roll -- Part II: Fall to the ground. "We need you" ; "How lucky am I?" ; "God save me!" ; "We'll be brothers for life" ; "They're trying to kill us, boys" ; "They done blowed up the Pentagon" ; "I think those buildings are going down" ; "To run, where the brave dare not go" ; "Remember this name" ; "This is your plane crash" ; "Mayday, mayday, mayday!" -- Part III: Rise from the ashes. "Your sister and niece will never be lonely" -- Appendix 1: The fallen -- Appendix 2: Timeline of key events on September 11, 2001.
520 ## - RESUMEN, ETC.
Sumario, etc. Years in the making, this spellbinding, heartbreaking, and ultimately uplifting narrative is an unforgettable portrait of 9/11. This is a 9/11 book like no other. Masterfully weaving together multiple strands of the events in New York, at the Pentagon, and in Shanksville, Pennsylvania, Fall and Rise is a mesmerizing, minute-by-minute account of that terrible day. In the days and months after 9/11, Mitchell Zuckoff, then a reporter for the Boston Globe, wrote about the attacks, the victims, and their families. After further years of meticulous reporting, Zuckoff has filled Fall and Rise with voices of the lost and the saved. The result is an utterly gripping book, filled with intimate stories of people most affected by the events of that sunny Tuesday in September: an out-of-work actor stuck in an elevator in the North Tower of the World Trade Center; the heroes aboard Flight 93 deciding to take action; a veteran trapped in the inferno in the Pentagon; the fire chief among the first on the scene in sleepy Shanksville; a team of firefighters racing to save an injured woman and themselves; and the men, women, and children flying across country to see loved ones or for work who suddenly faced terrorists bent on murder. Fall and Rise will open new avenues of understanding for everyone who thinks they know the story of 9/11, bringing to life--and in some cases, bringing back to life--the extraordinary ordinary people who experienced the worst day in modern American history. Destined to be a classic, Fall and Rise will move, shock, inspire, and fill hearts with love and admiration for the human spirit as it triumphs in the face of horrifying events..
650 #4 - PUNTO DE ACCESO ADICIONAL DE MATERIA--TÉRMINO DE MATERIA
9 (RLIN) 433
Término de materia o nombre geográfico como elemento de entrada Septiembre 11 Ataque terrorista, 2001.
650 #4 - PUNTO DE ACCESO ADICIONAL DE MATERIA--TÉRMINO DE MATERIA
9 (RLIN) 7639
Término de materia o nombre geográfico como elemento de entrada World Trade Center (Nueva York, N.Y.)
650 #4 - PUNTO DE ACCESO ADICIONAL DE MATERIA--TÉRMINO DE MATERIA
9 (RLIN) 3683
Término de materia o nombre geográfico como elemento de entrada Terrorismo
Subdivisión geográfica Estados Unidos
650 #4 - PUNTO DE ACCESO ADICIONAL DE MATERIA--TÉRMINO DE MATERIA
9 (RLIN) 7640
Término de materia o nombre geográfico como elemento de entrada Víctimas de terrorismo
Subdivisión geográfica Estados Unidos
942 ## - ELEMENTOS DE ENTRADA SECUNDARIOS (KOHA)
Fuente del sistema de clasificación o colocación Clasificación de Library of Congress
Tipo de ítem Koha Libro
946 ## - PROCESAMIENTO DE INFORMACIÓN LOCAL (OCLC)
Iniciales del agente catalogador dpf
Holdings
Estatus retirado Estado de pérdida Estado de daño No para préstamo Colección Biblioteca de origen Biblioteca actual Ubicación en estantería Fecha de adquisición Signatura topográfica completa Código de barras Visto por última vez Copia número Tipo de ítem Koha
        Ciencias Sociales Biblioteca Juan Bosch Biblioteca Juan Bosch Ciencias Sociales (3er. Piso) 22/08/2019 HV 6432.7 Z94f 2019 00000132673 22/08/2019 1 Libro